| 000 | 00638nam a2200229 a 4500 | ||
|---|---|---|---|
| 005 | 20210219153537.0 | ||
| 008 | 991125n 000 0 u | ||
| 035 | _aUPN01000105635 | ||
| 100 | _aMoer Febles, Juan | ||
| 222 | 0 |
_aEDUCACION : _bCOLECCION SEMESTRAL DE APORTACIONES ALEMANAS RECIENTES EN LAS CIENCIAS PEDAGOGICAS |
|
| 245 | 0 | _aÿPor qué no apóstol? | |
| 300 | _a25-27 | ||
| 362 | _a1989 Año 19, no. 74 jul.-sep. | ||
| 653 | 0 | _aCUBA | |
| 653 | 0 | _aEDUCACION | |
| 653 | 0 | _aHISTORIA | |
| 653 | 0 | _aMAESTROS | |
| 653 | 0 | _aMARTI, JOSE, 1853-1895 | |
| 653 | 0 | _aSOCIALISMO | |
| 904 |
_aAC _b043446 |
||
| 905 | _aArticulo | ||
| 999 |
_c79575 _d79575 |
||